Konsep beriman dalam Islam

Bibliographic Details
Main Author: An-Nashr, Muhammad Qusairy
Format: Book
Published: Kualal Lumpur : Al-Hidayah Publisher , 1997
Subjects:

MARC

LEADER 00000cam a2200000 7i4500
001 0000013961
005 20080214.0
008 080214
020 |a 9839188887 
090 0 0 |a 297.22   |b NAS 
100 0 |a An-Nashr, Muhammad Qusairy 
245 1 0 |a Konsep beriman dalam Islam   |c Muhammad Qusairy An-Nashr 
260 |a Kualal Lumpur :   |b Al-Hidayah Publisher ,   |c 1997 
650 0 |a Faith (Islam) 
650 0 |a Pillars of Islam 
999 |a 0000923549   |b Book   |c Adult Collection   |e Cawangan Bukit Gambir 
999 |a 0000933599   |b Book   |c Adult Collection   |e Cawangan Tangkak 
999 |a 0000933600   |b Book   |c Adult Collection   |e Cawangan Tangkak 
999 |a 0001007637   |b Book   |c Adult Collection   |e Perbadanan Perpustakaan Awam Johor 
999 |a 0001007638   |b Book   |c Adult Collection   |e Perbadanan Perpustakaan Awam Johor 
999 |a 0001007639   |b Book   |c Adult Collection   |e Perbadanan Perpustakaan Awam Johor